000 00435nam a2200157Ia 4500
008 230917s9999||||xx |||||||||||||| ||und||
040 _e213010
_aMAIN
041 _aEnglish
082 _a595.7 R392I(10)
100 _aRichards, O W
245 0 _aIMMS' general textbook of entomology. 2V: V2-Classification and biology
250 _a10th ed.
260 _aNew Delhi
_bSpringer(India)
_c2013
300 _aviii, 418 p.
942 _cBK
999 _c176864
_d176864